| 000 | 00726 a2200217 4500 | ||
|---|---|---|---|
| 003 | UA-OsUOA | ||
| 005 | 20260506114109.0 | ||
| 008 | 260506b un ||||| |||| 00| 0 ukr d | ||
| 040 |
_aUA-OsUOA _beng _cUA-OsUOA _dUA-OsUOA |
||
| 041 | _aeng | ||
| 080 | _a11/13 | ||
| 090 |
_a11/13 _bB46 |
||
| 245 |
_aBerkeley Essay, Principiles, Dialogues With Selections From Other Writings _cedited by Mary Whiton Calkins |
||
| 260 |
_bCharles Scribner's Sons _c1957 _aNew York |
||
| 300 | _a480 p. | ||
| 490 | _aThe Modern Student's Library | ||
| 650 |
_2UDC _a1 Філософія. Психологія _91871 |
||
| 942 |
_cBK _2udc |
||
| 955 | _a1 | ||
| 999 |
_c580653 _d580653 |
||